00626nam a22001697a 4500003000900000008004100009040007100050082001900121100003000140245002800170260002000198300002800218505015200246650001600398650002500414650001700439AR-CdUCM190312b ||||| |||| 00| 0 spa d aMUNICIPALIDAD PROVINCIAL DEL CUSCOcBIBLIOTECA MUNICIPAL DEL CUSCO a869.62 /bR696 aRodriguez Castelo, Hernan aLeyendas ecuatorianas / aQuito :bAriel. a189 páginas ;c17 cm. aContenido: Prehistoria y leyendas indígenas -- Palla y el tesoro de los Llanganatis -- Los Quitocuchos -- Posorja -- Huahua chumpi Nina chumpi... aDama Tapada aHistoria ecuatoriana aHuayna capac